000 01335 a2200265 4500
001 63
005 20260407155406.0
008 260407a2006 arg spa d
003 AR-UNSa-BCEJYS
040 _aAR-UNSa-BCEJYS
_bspa
_cAR-UNSa-BCEJYS
080 _a336.226.4:379.85
_xImpuestos al Turismo
245 1 0 _aTratamiento impositivo de turismo
_pAgencias de viajes y hostelería
020 _a978-987-1140-46-6
250 _a2a. ed
264 1 _aBuenos Aires :
_bOsmar D. Buyatti
_c2006
300 _a222 p.
_c22 cm.
505 _a1. Introducción - 2. Encuadre jurídico - 3. Breve descripción de la operatoria - 4. El impuesto al valor agregado y las agencias de viaje - 5. Régimen simplificado o monotributo - 6. Reintegro artículo 43 de la ley de IVA - 7. Otros tributos - 8. Impuesto a los ingresos brutos - 9. La hotelería y el turismo - 10. Territorio Nacional de Tierra del Fuego, Antártida e Islas del Atlántico Sur - 11. Algunos aspectos relacionados con las fiscalizaciones - 12. Marco legal
041 _aspa
942 _cBK
590 _aniveau_biblio:m niveau_hierar:0
100 1 _aScaletta, Rubén A.
700 1 _aGimenez, Enrique M.
700 1 _aSpina, Carlos E.
856 4 1 _uhttps://biblioeco.unsa.edu.ar/pmb/images/libros/Tratamiento impositivo de turismo-l116437.jpg
_yImagen de portada
_qimage/jpeg
999 _c47
_d47